| 000 | 00710nam a2200229 a 4500 | ||
|---|---|---|---|
| 999 |
_c6925 _d6925 |
||
| 001 | 6925 | ||
| 003 | BD-JhCC | ||
| 005 | 20180201112941.0 | ||
| 008 | 170930s2002 bg |||| ||a| 000 0 ben d | ||
| 020 | _a9844122546 | ||
| 035 | _a(BD-JhCC)6925 | ||
| 040 |
_aBD-JhCC _dBD-JhCC |
||
| 041 | _aনডস | ||
| 082 |
_a954.9205 _bISL 2002 |
||
| 100 | _aইসলাম, রফিকুল | ||
| 245 |
_aবিদ্রোহী মার্চ ১৯৭১ / _cরফিকুল ইসলাম |
||
| 260 |
_aঢাকা : _bঅনন্যা, _c2002. |
||
| 300 |
_a127 পৃ. : _c২২ সেমি. |
||
| 651 |
_aBangladesh _xHistory of Liberation _y1971 |
||
| 942 |
_2ddc _cBK |
||